000 01172nam0a22002411 4500
001 rc\1067262
005 20260406135803.0
035 _a(NLR Aleph) 006227526
090 _a6536539
_c6536539
100 _a20041129d1980 |||y0rusy50 ca
101 0 _arus
102 _aRU
105 _ay |||||||||
200 1 _aЛизосомально-катионный тест определения уровня неспецифической резистентности организма птиц
_eМетод. рекомендации
_fВсесоюз. н.-и. вет. ин-т птицеводства, АМН СССР, НИИ эксперим. медицины
_g[Сост. В.Е. Пигаревским и др.]
210 _aЛ.
_cБ. и.
_d1980
215 _a6 с.
_d20
702 1 _aПигаревский
_bВ.Е.
_gВалерий Евгеньевич
_4220
712 0 2 _aВсесоюзный научно-исследовательский ветеринарный институт птицеводства
_cЛенинград
_3RU\NLR\AUTH\889918757
_9333640
801 0 _aRU
_bNLR
_gpsbo
801 1 _aRU
_bELAR
_2rusmarc
852 _aNLR
_j81-4/15971
942 _cBOOK
980 _aNB